Mangiare bere uomo donna /
Uloženo v:
| Další autoři: | , , , , , , , , , |
|---|---|
| Médium: | |
| Jazyk: | italština |
| Vydáno: |
[Roma! :
L'U multimedia,
1998
|
| Tagy: |
Žádné tagy, Buďte první, kdo vytvoří štítek k tomuto záznamu!
|
MARC
| LEADER | 00000ngm a22000007i 4500 | ||
|---|---|---|---|
| 001 | IT\ICCU\REA\0045109 | ||
| 003 | ItRI | ||
| 005 | 20260124182808.0 | ||
| 008 | 990317s1998 it |||||||||||||||k|||||c | ||
| 040 | |b ita | ||
| 041 | 7 | |a ita |2 ISO-639-2 | |
| 130 | 0 | |a Yinshi Nan Nu <film ; 1994> |3 IT\ICCU\UBO\2346702 | |
| 245 | 0 | 0 | |a Mangiare bere uomo donna / |c un film di Ang Lee ; musiche Mader ; fotografia Jong Lin ; sceneggiatura Hui-Ling Wang e Ang Lee e James Schamus ; prodotto da Li-Kong Hsu ; diretto da Ang Lee. |
| 246 | 1 | 3 | |a Mangiare bere uomo donna <videoregistrazione> |9 IT\ICCU\CAG\0878572 |
| 260 | |a [Roma! : |b L'U multimedia, |c 1998 | ||
| 300 | |a 1 videocassetta (VHS) (120 min.) : |b color., son | ||
| 500 | |a Tit. del contenitore | ||
| 500 | |a Interpreti: Sihung Lung, Kuei Yang, Chien-Lien Wu, Yu-Wen Wang | ||
| 500 | |a Produzione: Taiwan, USA, 1994 | ||
| 500 | |a Suppl. a: L'Unità. | ||
| 700 | 1 | |a Wu, Chien-Lien |0 IT\ICCU\LO1V\300727 | |
| 700 | 1 | |a Wang, Yu-Wen |0 IT\ICCU\LO1V\300728 | |
| 700 | 1 | |a Lin, Jong |0 IT\ICCU\LO1V\300730 | |
| 700 | 1 | |a Lung, Sihung |0 IT\ICCU\MODV\256175 | |
| 700 | 1 | |a Lee, Ang |0 IT\ICCU\RAVV\264016 | |
| 700 | 1 | |a Hsu, Li-Kong |0 IT\ICCU\RAVV\285759 | |
| 700 | 1 | |a Yang, Kuei-Mei |0 IT\ICCU\UBOV\486425 | |
| 700 | 1 | |a Schamus, James |0 IT\ICCU\UBOV\493400 | |
| 700 | 1 | |a Hui Ling, Wang |0 IT\ICCU\UBOV\598172 | |
| 700 | 0 | |a Mader |0 IT\ICCU\UBOV\848248 | |
| 790 | 1 | |a Li, An |3 IT\ICCU\RMSV\115208 |z Lee, Ang | |
| 790 | 1 | |a Ang, Lee |3 IT\ICCU\SBNV\013965 |z Lee, Ang | |
| 790 | 1 | |a Schollhammer, Thierry |3 IT\ICCU\LO1V\422709 |z Mader | |
| 942 | |2 ddc |c VM |n 0 | ||
| 952 | |0 0 |1 0 |4 0 |6 VO_1521_000000000000000 |7 0 |9 26382 |a BO |b BO |d 2026-01-24 |i 11703 |l 0 |o VO 1521 |p BO11703 |r 2026-01-24 18:28:08 |w 2026-01-24 |x [Sebina 5] [1 videocassetta] |y VM |z 1 videocassetta | ||
| 999 | |c 22299 |d 22299 | ||